|
|
|
|
| LEADER |
01054nam a22002057i 4500 |
| 003 |
GR-PaULI |
| 005 |
20240124113242.0 |
| 008 |
170201s1984 gr ||||f ||| 000 0 gre d |
| 040 |
|
|
|a GR-PaULI
|b gre
|c GR-PaULI
|e AACR2
|
| 082 |
0 |
4 |
|a 501
|2 23
|
| 100 |
1 |
|
|a Havemann, Robert.
|9 159775
|e συγγραφέας
|
| 245 |
1 |
0 |
|a Φυσική επιστήμη και κοσμοθεώρηση:
|b διαλεκτική χωρίς δόγμα /
|c Ρόμπερτ Χάβεμαν ; μετάφραση: Σταύρου Καμπουρίδη.
|
| 260 |
|
|
|a Αθήνα:
|b Εκδόσεις Πέλλα Θ. Παπαδόπουλος,
|c [1984].
|
| 300 |
|
|
|a 224 σ. ;
|c 21 εκ.
|
| 650 |
|
4 |
|a Φυσικές επιστήμες
|9 604
|x Φιλοσοφία
|
| 700 |
1 |
|
|a Καμπουρίδης, Σταύρος
|e μεταφραστής
|9 43880
|
| 942 |
|
|
|2 ddc
|c BK15
|
| 952 |
|
|
|0 0
|1 0
|2 ddc
|4 0
|6 501_000000000000000_HAV
|7 0
|9 209442
|a PHIL
|b PHIL
|d 2017-02-01
|i 11721
|l 0
|o 501 HAV
|p 025000242932
|r 2017-02-01 00:00:00
|t 1
|v 2017.00
|w 2017-02-01
|y BK15
|
| 998 |
|
|
|c ΚΑΝΕΛΛΟΠΟΥΛΟΥ
|d 2017-01
|
| 999 |
|
|
|c 127456
|d 127456
|